| 000 | 00579nam a2200169Ia 4500 | ||
|---|---|---|---|
| 003 | OSt | ||
| 005 | 20250806100854.0 | ||
| 008 | 250729s2022 xx 000 0 und d | ||
| 040 | _cAL | ||
| 041 | _aKannada | ||
| 082 | _a372.25 RAJV | ||
| 100 |
_aRajesh E Beller _9233270 _dರಾಜೇಶ್ ಇ ಬೆಲ್ಲರ್ |
||
| 245 |
_aVishayadaritha kannada bhasha bodhana shastra _bವಿಷಯಾಧಾರಿತ ಕನ್ನಡ ಭಾಷಾ ಬೋಧನಾ ಶಾಸ್ತ್ರ |
||
| 260 |
_aMysore _bVismaya Prakashana _c2022 |
||
| 650 |
_aKannada _9233271 |
||
| 942 |
_2ddc _cBK |
||
| 999 |
_c240197 _d240197 |
||